Light: for students (Record no. 126360)

MARC details
000 -LEADER
fixed length control field 00404nam a2200181Ia 4500
008 - FIXED-LENGTH DATA ELEMENTS--GENERAL INFORMATION
fixed length control field 210210b1909 xxu||||| |||| 00| 0 eng d
041 ## - LANGUAGE CODE
Language code of text/sound track or separate title eng
082 ## - DEWEY DECIMAL CLASSIFICATION NUMBER
Classification number 534/37
100 ## - MAIN ENTRY--PERSONAL NAME
Personal name EDSER (Edwin)
245 ## - TITLE STATEMENT
Title Light: for students
260 ## - PUBLICATION, DISTRIBUTION, ETC.
Place of publication, distribution, etc. London
Name of publisher, distributor, etc. Macmillan & Co. Ltd.
Date of publication, distribution, etc. 1909
300 ## - PHYSICAL DESCRIPTION
Extent 579
650 ## - SUBJECT ADDED ENTRY--TOPICAL TERM
Topical term or geographic name entry element students
650 ## - SUBJECT ADDED ENTRY--TOPICAL TERM
Topical term or geographic name entry element Light:
650 ## - SUBJECT ADDED ENTRY--TOPICAL TERM
Topical term or geographic name entry element for
690 ## - LOCAL SUBJECT ADDED ENTRY--TOPICAL TERM (OCLC, RLIN)
Topical term or geographic name as entry element Physics
906 ## - LOCAL DATA ELEMENT F, LDF (RLIN)
a 008525
Holdings
Withdrawn status Lost status Source of classification or shelving scheme Damaged status Not for loan Collection code Home library Current library Date acquired Cost, normal purchase price Total Checkouts Full call number Barcode Date last seen Price effective from Koha item type
    Dewey Decimal Classification   Rare Book Physics St Aloysius Library St Aloysius Library 02/17/2021 0.00   534/37 008525 02/17/2021 02/17/2021 Book